| 000 | 00337nam a2200133Ia 4500 | ||
|---|---|---|---|
| 008 | 190905s9999||||xx |||||||||||||| ||und|| | ||
| 020 | _a978-93-530-6282-8 | ||
| 100 | _aPaul Deitel | ||
| 245 | 0 | _aC How to Program with an introduction to C + + | |
| 250 | _a8th | ||
| 260 |
_aNew Delhi _bPearson _c2018 |
||
| 300 | _a1005 | ||
| 942 | _cBK | ||
| 999 |
_c5845 _d5845 |
||